Szegedi Paprika Rt. nyomasztó örökség /

Elmentve itt :
Bibliográfiai részletek
Szerző: Fekete Klára
Dokumentumtípus: Cikk
Megjelent: 1997-02-13
Sorozat:Délmagyarország 87 No. 37
Kulcsszavak:Szeged, Paprikafeldolgozás felszámolás Szeged, Szegedi Paprika Rt.
Online Access:http://dmarchiv.bibl.u-szeged.hu/83028
LEADER 00520nab a2200157 i 4500
001 delm83028
005 20191018133632.0
008 191018s1997 hu o 0|| hun d
040 |a SZTE Délmagyarország Archívum  |b hun 
041 |a hun 
100 1 |a Fekete Klára 
245 1 0 |a Szegedi Paprika Rt.   |h [elektronikus dokumentum] :  |b nyomasztó örökség /  |c  Fekete Klára 
260 |c 1997-02-13 
300 |a 1, 5 
490 0 |a Délmagyarország  |v 87 No. 37 
695 |a Szeged, Paprikafeldolgozás felszámolás Szeged, Szegedi Paprika Rt.